000 01251cam a22003854a 4500
001 14899532
005 20260502103342.0
008 070621s2008 enka b 001 0 eng
010 _a 2007931482
015 _aGBA716666
_2bnb
016 7 _a013683825
_2Uk
020 _a9781412919203
020 _a1412919207
020 _a1412919215
020 _a9781412919210
035 _a14899532
035 _a(OCoLC)85691615
040 _cIRDP
_dBAKER
_dBTCTA
_dYDXCP
_dBWKUK
_dBWX
_dIXA
_dCDX
_dDLC
041 1 _aeng
_hita
042 _aukscp
_alccopycat
050 0 0 _aGN345
_b.G553 2008
082 0 4 _a305.800 72 GOB
_222
100 1 _aGobo, Giampietro.
245 1 0 _aDoing ethnography /
_cGiampietro Gobo ; translated by Adrian Belton.
260 _aLos Angeles, Calif. :
_bSAGE,
_c2008.
300 _axvi, 355 p. :
_bill. ;
_c25 cm.
504 _aIncludes bibliographical references and index.
650 0 _aEthnology
_xResearch
_xMethodology.
650 0 _aEthnology
_vProblems, exercises, etc.
906 _a7
_bcbc
_ccopycat
_d2
_encip
_f20
_gy-gencatlg
942 _2ddc
_cBOOKS
999 _c9500
_d9500